[Event "HUN Team League Csongrad Region 2019–2"]
[Site "Csongrád County"]
[Date "2020.03.01"]
[Round "8.4"]
[White "Heintz, Sebestyen"]
[Black "Kantor, Robert"]
[Result "1-0"]
[WhiteElo "1655"]
[BlackElo "1474"]
[PlyCount "69"]
[EventDate "2019.09.29"]
[WhiteTeam "Üllés"]
[BlackTeam "Meritum III."]

1. e4 e5 2. Nf3 Nf6 3. Nc3 Bb4 4. d3 Bxc3+ 5. bxc3 Nc6 6. Bg5 d6 7. h3 h6 8.
Bxf6 Qxf6 9. d4 exd4 10. cxd4 O-O 11. Bb5 Bd7 12. O-O a6 13. e5 Qg6 14. Bd3 Qe6
15. c4 d5 16. Qe2 Nb4 17. cxd5 Nxd5 18. Qe4 f5 19. Qh4 Nb4 20. Bb1 Bc6 21. a3
Bxf3 22. gxf3 Nd5 23. Ba2 c6 24. Kh2 Kh8 25. Rg1 Rac8 26. Qh5 Qe7 27. Qg6 Nf4
28. Qd6 Qh4 29. Rg3 Ne2 30. Rg2 Qf4+ 31. Kh1 Qxf3 32. Qg6 Qxh3+ 33. Rh2 Qg4 34.
Rxh6+ gxh6 35. Qxh6# 1-0

[Event "HUN Team League Csongrad Region 2019–2"]
[Site "Csongrád County"]
[Date "2020.03.01"]
[Round "8.4"]
[White "Tamas, Attila"]
[Black "Gabor, Geza"]
[Result "1/2-1/2"]
[WhiteElo "1315"]
[BlackElo "1597"]
[PlyCount "187"]
[EventDate "2019.09.29"]
[WhiteTeam "Meritum III."]
[BlackTeam "Üllés"]

1. e4 e5 2. Nf3 Nc6 3. Bc4 Bc5 4. d3 h6 5. Qe2 Nf6 6. Be3 Bxe3 7. Qxe3 O-O 8.
Nbd2 a6 9. a3 d5 10. exd5 Nxd5 11. Bxd5 Qxd5 12. O-O f6 13. Qe4 Qxe4 14. dxe4
Bg4 15. h3 Bh5 16. Rfe1 Rfd8 17. g4 Bg6 18. Rad1 Rd7 19. Nh4 Bf7 20. Ndf3 Rad8
21. Rxd7 Rxd7 22. Nf5 Be6 23. Ne3 g6 24. Rd1 Rxd1+ 25. Nxd1 Kg7 26. b3 h5 27.
Nh2 hxg4 28. hxg4 Nd4 29. Ne3 Kh6 30. Kf1 Kg5 31. f3 f5 32. gxf5 gxf5 33. b4 f4
34. c3 fxe3 35. cxd4 exd4 36. Ke2 Bc4+ 37. Kd1 Kf4 38. Ke1 d3 39. Nf1 d2+ 40.
Nxd2 exd2+ 41. Kxd2 Kxf3 42. Kc3 Be6 43. Kd4 Kf4 44. a4 b6 45. a5 Bc8 46. e5
Kf5 47. axb6 cxb6 48. Kd5 a5 49. bxa5 bxa5 50. Kc4 Bd7 51. e6 Kxe6 52. Kc5 Ke5
53. Kc4 Ke4 54. Kc3 Be6 55. Kb2 Kd3 56. Ka3 Bd7 57. Kb3 Kd2 58. Kb2 Bc6 59. Kb1
Kc3 60. Ka2 Kb4 61. Kb2 Bd5 62. Kb1 Kc3 63. Ka1 Be4 64. Ka2 Kc2 65. Ka3 Bc6 66.
Ka2 a4 67. Ka1 Kc1 68. Ka2 Bd5+ 69. Ka1 Kd2 70. Kb2 Bb3 71. Kb1 Kc3 72. Ka1 Kb4
73. Kb2 Bc4 74. Kb1 Bd3+ 75. Kb2 Kc4 76. Ka3 Bc2 77. Kb2 Kd3 78. Ka2 Bd1 79.
Kb2 Kd2 80. Kb1 Bc2+ 81. Kb2 Kd1 82. Ka1 Kc1 83. Ka2 Bb3+ 84. Ka1 Kd2 85. Kb2
Kd3 86. Kb1 Kc3 87. Ka1 Kb4 88. Kb2 Kc4 89. Kb1 a3 90. Ka1 Kc3 91. Kb1 a2+ 92.
Ka1 Kd2 93. Kb2 Kd1 94. Ka1 1/2-1/2

[Event "HUN Team League Csongrad Region 2019–2"]
[Site "Csongrád County"]
[Date "2020.03.01"]
[Round "8.5"]
[White "Leszko, Bence"]
[Black "Retkes, Sandor"]
[Result "1-0"]
[WhiteElo "2261"]
[BlackElo "1925"]
[PlyCount "151"]
[EventDate "2019.09.29"]
[WhiteTeam "Meritum II."]
[BlackTeam "Röszke"]

1. e4 c6 2. Nc3 g6 3. d4 Bg7 4. Nf3 d5 5. Bd3 dxe4 6. Nxe4 Nd7 7. Qe2 Ndf6 8.
Bf4 Nxe4 9. Bxe4 Nf6 10. Bd3 Bg4 11. c3 O-O 12. h3 Be6 13. O-O Re8 14. Rfe1 Nd5
15. Bg3 Qc8 16. Ne5 Nf6 17. Bc2 c5 18. Ba4 Rd8 19. Nf3 a6 20. dxc5 Qxc5 21. Nd4
Rxd4 22. cxd4 Qxd4 23. Bb3 Bxb3 24. axb3 Re8 25. Rad1 Qb6 26. Qc4 e6 27. Rd6
Qa5 28. b4 Qf5 29. Be5 Bf8 30. Rd3 Nd5 31. Rf3 Qg5 32. b5 a5 33. Re4 Qd2 34.
Rd3 Qg5 35. Bg3 Qf6 36. Qc1 Qf5 37. Qe1 Nb4 38. Rf3 Qxb5 39. h4 b6 40. Qc1 Nd5
41. Be5 Ne7 42. Qf4 f5 43. Re1 Nd5 44. Qg3 Qb4 45. Rd1 Be7 46. Bd4 Qa4 47. b3
Qb4 48. Be5 Bxh4 49. Qh2 Qe4 50. Rfd3 Bg5 51. Rd4 Qe2 52. R4d3 Rc8 53. Qg3 Bh6
54. f4 Bf8 55. Re1 Qc2 56. Qh3 Bc5+ 57. Kh1 Qf2 58. Red1 Bf8 59. Rf3 Qe2 60.
Rg1 Rc2 61. Rg3 Bg7 62. Bxg7 Kxg7 63. Rf3 Qd2 64. Qh4 Nf6 65. Rh3 Rc1 66. Rf3
Rc2 67. Rh3 b5 68. Rg3 b4 69. Rf3 Rb2 70. Rff1 Ng4 71. Qe7+ Kh6 72. Rf3 Nf2+
73. Kh2 Ng4+ 74. Kg3 Nf2 75. Kh4 Ne4 76. Qf8# 1-0

[Event "HUN Team League Csongrad Region 2019–2"]
[Site "Csongrád County"]
[Date "2020.03.01"]
[Round "8.5"]
[White "Nagy Dani, Karoly"]
[Black "Csikos, Mihaly"]
[Result "1-0"]
[WhiteElo "1802"]
[BlackElo "2031"]
[PlyCount "101"]
[EventDate "2019.09.29"]
[WhiteTeam "Röszke"]
[BlackTeam "Meritum II."]

1. d4 Nf6 2. Nc3 d5 3. Bf4 c6 4. e3 Bf5 5. f3 e6 6. g4 Bg6 7. h4 h5 8. g5 Ng8
9. Bd3 Bxd3 10. Qxd3 Bd6 11. Nge2 Ne7 12. O-O-O Qc7 13. Bxd6 Qxd6 14. e4 g6 15.
f4 Na6 16. a3 O-O-O 17. e5 Qd7 18. Ng3 Kb8 19. b4 b5 20. Na4 Qb7 21. Nc5 Nxc5
22. bxc5 a5 23. Kd2 Kc7 24. Rb1 Ra8 25. Rb2 Rhb8 26. Rhb1 Qa7 27. Rb3 Kd7 28.
Ra1 Qc7 29. Rh1 Ng8 30. f5 exf5 31. Nxf5 gxf5 32. Qxf5+ Ke8 33. Qh7 Ne7 34. Rf1
Kd7 35. Rxf7 Re8 36. g6 Rad8 37. g7 Kc8 38. Rbf3 Rg8 39. Qxh5 b4 40. a4 Qd7 41.
Qg5 Rde8 42. h5 Qe6 43. h6 b3 44. cxb3 Ng6 45. R7f6 Nxe5 46. Qxe5 Qxe5 47. dxe5
Kd7 48. Rf7+ Ke6 49. h7 Kxe5 50. Re3+ Kd4 51. Rxe8 1-0

[Event "HUN Team League Csongrad Region 2019–2"]
[Site "Csongrád County"]
[Date "2020.03.01"]
[Round "8.5"]
[White "Farkas, Sandor"]
[Black "Bartos, Ferenc"]
[Result "1-0"]
[WhiteElo "1898"]
[BlackElo "1715"]
[PlyCount "77"]
[EventDate "2019.09.29"]
[WhiteTeam "Meritum II."]
[BlackTeam "Röszke"]

1. d4 f5 2. g4 d6 3. gxf5 Bxf5 4. Nc3 Nf6 5. Bg2 d5 6. Bf4 Nc6 7. a3 e6 8. f3
Nh5 9. Bg3 Nxg3 10. hxg3 Qg5 11. Kf2 b6 12. Nh3 Bxh3 13. Rxh3 Nxd4 14. e3 Nf5
15. f4 Qf6 16. Qd3 c6 17. Rah1 Bc5 18. Nd1 h6 19. b4 Bd6 20. g4 Nxe3 21. Nxe3
Bxf4 22. Rf3 O-O 23. Rh5 Rad8 24. g5 Qe5 25. Ng4 Bg3+ 26. Kg1 Qa1+ 27. Rf1
Rxf1+ 28. Bxf1 Rf8 29. gxh6 Rxf1+ 30. Qxf1 Qd4+ 31. Kg2 Bf4 32. Qd3 Qxd3 33.
cxd3 gxh6 34. Nxh6+ Kg7 35. Ng4 a6 36. d4 b5 37. Rh3 Kg6 38. Rc3 Kf5 39. Kf3
1-0

[Event "HUN Team League Csongrad Region 2019–2"]
[Site "Csongrád County"]
[Date "2020.03.01"]
[Round "8.5"]
[White "Ver, Imre"]
[Black "Fabian, Istvan"]
[Result "1-0"]
[WhiteElo "1699"]
[BlackElo "1731"]
[PlyCount "93"]
[EventDate "2019.09.29"]
[WhiteTeam "Röszke"]
[BlackTeam "Meritum II."]

1. d4 Nf6 2. c4 g6 3. Nc3 Bg7 4. e4 d6 5. Nf3 O-O 6. Be2 Re8 7. O-O a6 8. Bg5
h6 9. Bf4 g5 10. Be3 d5 11. e5 Ne4 12. Nxd5 f5 13. Nc3 Nxc3 14. bxc3 f4 15. Bc1
g4 16. Ne1 f3 17. gxf3 gxf3 18. Bxf3 Bh3 19. Bg2 Bxg2 20. Nxg2 Qd7 21. Qe2 Qh3
22. Qe3 Qe6 23. Qe2 Qh3 24. Be3 Rf8 25. f4 Rf5 26. Qf3 Rh5 27. Qxh3 Rxh3 28.
Rf2 Nd7 29. Raf1 Nb6 30. Rf3 Rxf3 31. Rxf3 Nxc4 32. Bc1 e6 33. Ne3 Nxe3 34.
Bxe3 Rf8 35. Rg3 c6 36. Kf2 Kf7 37. Kf3 Ke7 38. Ke4 Rf7 39. c4 b5 40. d5 cxd5+
41. cxd5 exd5+ 42. Kxd5 Ke8 43. Rg6 Rd7+ 44. Rd6 Bf8 45. Rxd7 Kxd7 46. e6+ Ke8
47. f5 1-0

[Event "HUN Team League Csongrad Region 2019–2"]
[Site "Csongrád County"]
[Date "2020.03.01"]
[Round "8.5"]
[White "Havasi, Gergely Bulcsu"]
[Black "Beretka, Csaba"]
[Result "1/2-1/2"]
[WhiteElo "1454"]
[BlackElo "1700"]
[PlyCount "66"]
[EventDate "2019.09.29"]
[WhiteTeam "Meritum II."]
[BlackTeam "Röszke"]

1. d4 Nf6 2. e3 d5 3. Bd3 c6 4. Nf3 Bg4 5. h3 Bh5 6. Nbd2 e6 7. c3 Bd6 8. O-O
Nbd7 9. c4 O-O 10. Qc2 Rc8 11. c5 Bb8 12. b4 e5 13. dxe5 Nxe5 14. Nxe5 Bxe5 15.
Rb1 Bg6 16. Bb2 Bxd3 17. Qxd3 Bxb2 18. Rxb2 Re8 19. b5 Qe7 20. Rc1 Rb8 21. Qd4
Qc7 22. b6 axb6 23. Rxb6 Nd7 24. Rb4 b6 25. cxb6 Rxb6 26. Rxb6 Nxb6 27. e4 dxe4
28. Nxe4 Ra8 29. Qc5 Rxa2 30. Qxc6 Qxc6 31. Rxc6 Nd7 32. Nc5 Nf8 33. Rc8 Rd2
1/2-1/2

[Event "HUN Team League Csongrad Region 2019–2"]
[Site "Csongrád County"]
[Date "2020.03.01"]
[Round "8.5"]
[White "Sipos, Kalman"]
[Black "Kohari, Akos Istvan"]
[Result "1-0"]
[WhiteElo "1667"]
[BlackElo "1353"]
[PlyCount "135"]
[EventDate "2019.09.29"]
[WhiteTeam "Röszke"]
[BlackTeam "Meritum II."]

1. e4 c5 2. c3 Nc6 3. d4 cxd4 4. cxd4 d5 5. exd5 Qxd5 6. Nf3 Nf6 7. Be2 e6 8.
O-O b6 9. Nc3 Qd7 10. a3 Bd6 11. h3 Bb7 12. Be3 O-O 13. Rc1 Rac8 14. Qa4 Bb8
15. Rfd1 Ne7 16. Qxd7 Nxd7 17. Kf1 Nf6 18. Nd2 Ned5 19. Bf3 h6 20. Ke1 Rfe8 21.
Kf1 Nxe3+ 22. fxe3 Nd5 23. Kf2 Rcd8 24. Ndb1 f5 25. Nxd5 Bxd5 26. Bxd5 Rxd5 27.
Rc6 e5 28. Nc3 Rd6 29. Rxd6 Bxd6 30. Nb5 Bb8 31. dxe5 Bxe5 32. Nxa7 Bxb2 33.
Nb5 Be5 34. Rd7 Kh7 35. Kf3 Re6 36. g4 Kg6 37. Rd5 fxg4+ 38. hxg4 Kf6 39. a4 g6
40. Na3 h5 41. gxh5 gxh5 42. Nc4 Kf5 43. Rb5 h4 44. Nxe5 Rxe5 45. Rxb6 h3 46.
Rh6 Re4 47. a5 Ra4 48. Rxh3 Kg5 49. Rg3+ Kf5 50. e4+ Kf6 51. Kf4 Rxa5 52. Rb3
Ra6 53. Rh3 Kg6 54. Rg3+ Kf6 55. e5+ Ke7 56. Kf5 Kf7 57. Rb3 Re6 58. Rb7+ Re7
59. Rb1 Ra7 60. Rh1 Kg7 61. Rd1 Kf7 62. Rg1 Ra6 63. Rd1 Ke7 64. Rb1 Ra5 65.
Rb7+ Ke8 66. Kf6 Ra6+ 67. e6 Ra8 68. Rh7 1-0

[Event "HUN Team League Csongrad Region 2019–2"]
[Site "Csongrád County"]
[Date "2020.03.01"]
[Round "8.5"]
[White "Helenyi, Zoltan"]
[Black "Abraham, Lajos"]
[Result "0-1"]
[WhiteElo "1991"]
[BlackElo "1622"]
[PlyCount "122"]
[EventDate "2019.09.29"]
[WhiteTeam "Meritum II."]
[BlackTeam "Röszke"]

1. c4 Nf6 2. Nc3 d5 3. cxd5 Nxd5 4. g3 e6 5. Bg2 c6 6. Nf3 Nd7 7. O-O Be7 8. a3
O-O 9. b4 N7b6 10. Qc2 a5 11. bxa5 Rxa5 12. d3 Nxc3 13. Qxc3 Nd5 14. Qd2 Bf6
15. Bb2 Bxb2 16. Qxb2 Qf6 17. d4 Rb5 18. Qd2 Qd8 19. Ne5 Qa5 20. Qa2 Qa4 21. e3
Rb3 22. Rfb1 Rxb1+ 23. Qxb1 f6 24. Nd3 Qa5 25. a4 b6 26. Qb3 Bd7 27. Rc1 Ra8
28. Nb2 Ra7 29. h4 Kf8 30. Qa3+ Qb4 31. Qxb4+ Nxb4 32. Rc4 Nd5 33. Bxd5 exd5
34. Rb4 Ra6 35. Rb3 Ke7 36. Ra3 Kd6 37. Kf1 Ra5 38. Rb3 Kc7 39. Ke2 Bf5 40. Kd2
Be4 41. Ra3 h5 42. Kc3 Kd6 43. Kb4 Ra8 44. Rc3 g5 45. Nd3 Bxd3 46. Rxd3 gxh4
47. gxh4 Rg8 48. a5 bxa5+ 49. Kxa5 Ra8+ 50. Kb6 Rb8+ 51. Ka6 Rb2 52. f4 f5 53.
Rc3 Kc7 54. Ka5 Rh2 55. Kb4 Rxh4 56. Ra3 Rh1 57. Ra7+ Kb6 58. Rh7 h4 59. Kc3 h3
60. Kd3 h2 61. Kc2 Ra1 0-1